[Event "POL-chT 66th"]
[Site "Katowice"]
[Date "2010.09.11"]
[Round "8"]
[White "Wojtaszek, Radoslaw"]
[Black "Macieja, Bartlomiej"]
[Result "1-0"]
[WhiteElo "2711"]
[BlackElo "2649"]
[Annotator "Primel,D"]
[PlyCount "111"]
[EventDate "2010.09.04"]
[EventType "team-tourn"]
[EventRounds "9"]
[EventCountry "POL"]
[SourceTitle "EXT 2016"]
[Source "ChessBase"]
[SourceDate "2015.10.08"]
[SourceVersion "1"]
[SourceVersionDate "2015.10.08"]
[SourceQuality "1"]
[WhiteTeam "Wroclaw Polonia"]
[BlackTeam "Wroclaw AZS WSB"]
[WhiteTeamCountry "POL"]
[BlackTeamCountry "POL"]

1. d4 Nf6 2. c4 e6 3. g3 d5 4. Nf3 dxc4 (4... Be7) (4... Bb4+ 5. Bd2 Bd6 6. Bg2
c6 7. O-O Nbd7 8. Qc2 O-O 9. Bf4 Bxf4 10. gxf4 b6 11. Ne5 Bb7 12. Nc3 Ne8 13.
Qa4 {Wojtaszek,R (2663)-Fridman,D (2654) Wroclaw op 5th 2010 (6) 1/2} (13. cxd5
cxd5 14. Qa4 $14 {[%csl Gc6]})) 5. Bg2 Nc6 {[%cal Ga8b8,Gb7b5] La grande ligne
sur cette variante ouverte} (5... a6 {L'alternative}) 6. Qa4 (6. O-O {Plus
risqué car les Noirs peuvent s'accrocher au P} Rb8 (6... a6 7. e3 Bd7) 7. Nc3
a6 (7... Be7 8. e4 O-O) 8. e4 Be7 9. Qe2 b5 10. Rd1 Nb4 11. d5 exd5 12. e5 Ng4
$13 {Gelfand,B (2723)-Riazantsev,A (2638) RUS-chT Dagomys 2008 (10) 1/2}) 6...
Bb4+ (6... Nd7 $5 {Une variante solide mais un peu passive souvent jouée par
Adams} 7. Qxc4 Nb6 8. Qd3 e5 {[%csl Gc8][%cal Gc8g4]} 9. Nxe5 Nb4 10. Qc3 Qxd4
{[%cal Gb4c2]} 11. O-O Qxc3 12. Nxc3 Bd6 13. Nf3 c6 14. Rd1 Be7 15. a3 {
Beliavsky,A (2690)-Adams,M (2670) Madrid Magistral 7th 1998 (7) 1/2}) (6... Bd7
7. Qxc4 Na5 8. Qd3 c5 {Cette variante Bd7 rendant le P est moins populaire
mais elle présente l'avantage de jouer des coups plus naturels que dans la
grande ligne} 9. O-O Rc8 (9... Bc6) (9... cxd4) 10. Nc3 cxd4 {Kozul,Z (2624)
-Antal,T (2349) EU-ch 14th Legnica 2013 (2) 1-0}) 7. Bd2 Nd5 (7... Bd6 $5 {
[%csl Rd2][%cal Ge6e5] Cette alternative est devenue assez populaire depuis
quelques années}) 8. Bxb4 (8. Qb5 {La dernière mode} Bxd2+ 9. Nbxd2 c3 10.
bxc3 Nxc3 11. Qd3 Nd5 12. O-O O-O (12... b6 $5 {Nickoloff}) 13. Rfc1 h6 14.
Rab1 (14. e3 Nde7 15. Qc3 Nd5 16. Qb2 $13 {Avrukh 1a}) 14... Nde7 {Ponomariov,
R (2743)-Frolyanov,D (2610) RUS-chT Olginka 2011 (3) 1/2}) 8... Ndxb4 9. O-O (
9. Nc3 $143 Bd7 {[%cal Gc6d4,Gd7a4]}) (9. a3 b5 $13 {Kasparov,G (2849)-Adams,M
(2746) Corus Wijk aan Zee 2001 (13) 1/2}) (9. Na3 Rb8 {Transpose dans la partie
} (9... O-O)) 9... Rb8 {[%cal Gb7b5]} 10. Na3 (10. Nc3 a6 11. Ne5 O-O 12. Bxc6
(12. Nxc6 Nxc6 13. Bxc6 bxc6 14. Qxc4 Rxb2 15. Rab1 Rb6 16. Qc5 h6 17. a4 a5
18. Rfd1 Ba6 {Romanishin,O (2525)-Boensch,U (2530) Berlin Mephisto 1st 1990 (7)
1/2}) 12... Nxc6 13. Nxc6 bxc6 14. Qxc4 Qd6 15. Ne4 Qd5 $11 {Georgiev,K (2655)
-Kolev,A (2568) Skopje op 18th 2002 (4) 1/2}) 10... O-O (10... a6 11. Ne5 O-O (
11... Qxd4 12. Nxc6 Nxc6 13. Bxc6+ bxc6 14. Qxc6+ (14. Nxc4 O-O 15. b3 Qg4))
12. Nxc6 Nxc6 13. Qxc4 {Delchev,A (2560)-Atalik,S (2575) Bled ol (Men) 2002 
(14.2) 1/2} (13. Bxc6 bxc6)) (10... Bd7 11. Qb5 $13) 11. Qb5 b6 $1 {[%cal
Gc8a6]} 12. Qxc4 Ba6 13. Nb5 $8 {Le degré de sophistication des coups dans
cette variante explique prbablement le fait qu'elle n'est jouée qu'à haut
niveau et les amateurs hésitent à se lancer dans des positions aussi
compliquées qui font davantage appel à la mémoire} Qd5 14. Qxd5 Nxd5 15. a4
Na5 16. Ne5 Rbd8 17. Nxa7 {Peut-être une tentative d'amélioration sur une
partie de l'adversaire jouée quelques semaines auparavant} (17. Bxd5 Bxb5 18.
axb5 Rxd5 19. b4 Nb3 20. Nc6 {[%cal Gc6e7,Ge7d5]} (20. Rxa7 Nxd4 21. Nc6 Nxe2+
22. Kg2 Rd7 23. Ne5 Rd5 24. Nc6 {pouvait peut-être forcer la répétition de
position}) 20... Nxa1 21. Ne7+ {Rodshtein,M (2609)-Macieja,B (2639) Politiken
Cup 32nd 2010 (10) 1/2}) 17... Nb4 18. Rac1 (18. Nac6 $5 $146 Naxc6 19. Nxc6
Nxc6 20. Bxc6 Rxd4 21. e3 Rb4 22. Rfc1 Rxb2 23. a5 Rb8 24. axb6 R8xb6 25. Bf3
$11 {[%cal Gc1c7] Récupère le P et la finale est probablement nulle au
regard de la structure}) 18... Rxd4 19. Rxc7 $5 $146 {Radoslaw Wojtaszek
était depuis des années un des secondants d'Anand et le champion du Monde a
repris cette nouveauté quelques semaines plus tard à Bilbao contre Kramnik.
Cette partie du Championnat de Pologne par équipes n'avait à l'époque pas
été publiée par TWIC et c'est probablement la raison pour laquelle le
secondant du Champion du Monde a pris le risque de tester cette idée en
pratique.} (19. Nb5 Bxb5 20. axb5 f6 21. e3 Rdd8 22. Nf3 Rf7 23. Bh3 Re7 24.
Rc3 Kf7 25. Ra1 Rd3 26. Bf1 Rxc3 27. bxc3 Nd5 28. c4 Nc3 29. c5 Rd7 30. Nd4 Ne4
31. cxb6 cxb6 32. Rc1 Nc5 33. f4 Ke7 34. Nc6+ Nxc6 35. bxc6 Ra7 36. Rd1 Rc7 37.
Bg2 e5 38. fxe5 fxe5 39. Rb1 e4 40. Rxb6 Kd6 41. Rb4 Kd5 42. Rd4+ Ke5 43. Rc4
Kd5 44. Rd4+ Ke5 45. Rc4 Kd5 {1/2-1/2 (45) Kramnik,V (2800)-Nakamura,H (2758)
London 2011}) 19... Bxe2 20. Rfc1 f6 {Joué très vite par Kramnik qui avait
peut-être connaissance de cette partie non publiée.} 21. Nec6 Naxc6 22. Nxc6
Nxc6 23. R7xc6 {[%cal Gc6e6,Gc6b6]} Rfd8 $1 $132 {[%csl Rg1][%cal Gd4d1]} 24.
h3 Rb4 $6 {Dans la partie de Bilbao, Anand s'est mis à réfléchir sur la
réponse R8d6 et il s'agissait donc bien d'une préparation de l'équipe du
Championnat du Monde.} (24... R8d6 $142 $1 25. Rxd6 Rxd6 26. Rc6 Rxc6 27. Bxc6
e5 28. f4 exf4 29. gxf4 Kf7 30. Kf2 Bc4 31. b4 g5 32. fxg5 fxg5 33. h4 gxh4 34.
a5 {1/2-1/2 (34) Anand,V (2800)-Kramnik,V (2780) Bilbao 2010}) 25. Rxe6 Rd1+
26. Rxd1 Bxd1 27. Bc6 $1 {[%csl Ga4][%cal Gc6b5,Ge6b6]} Rxb2 28. Bb5 g6 29.
Rxb6 {[%csl Ga4][%cal Gb5c4] Non seulement, les Blancs ont gagné un P mais le
P passé est trés dangereux et la finale sera difficile pour les Noirs.} Kg7
30. Rd6 Bf3 31. g4 $1 {[%cal Gg1h2,Gh2g3] Pare la menace de mat tout en
gagnant de l'espace} Ra2 {[%cal Gf3d1]} 32. Rd3 Be4 33. Rd4 f5 $6 34. g5 $1 {
[%csl Gf6,Rg7,Rh7]} h6 {Il est logique de vouloir se débarasser de la
faiblesse "h7" mais le remède sera peut-être pire que le mal car les Noirs
vont se créer une nouvelle faiblesse "g6"} 35. h4 hxg5 36. hxg5 {[%csl Rg6]}
Ra1+ 37. Kh2 Kf7 38. Kg3 $16 {[%cal Gg3f4]} Ke6 39. Kf4 Bd5 40. Bc4 $1 Bxc4 41.
Rxc4 $36 {[%csl Re6,Rg6][%cal Gc4c6]} Kd5 42. Rb4 Rh1 43. Rb5+ Kd4 44. a5 Rh4+
45. Kg3 Rh1 {[%cal Gh1a1]} (45... Rg4+ $2 46. Kf3 Rxg5 47. a6 $18 {[%csl Rg5]})
46. a6 Ra1 47. Rb6 Ke5 48. f4+ $1 Ke4 49. Re6+ Kd4 50. Rxg6 $18 Ra3+ 51. Kf2
Ke4 52. Re6+ Kxf4 53. g6 Ra2+ 54. Ke1 Rc2 55. a7 Rc8 56. g7 1-0

[Event "Rohde op 12th"]
[Site "Sautron"]
[Date "2012.10.29"]
[Round "3"]
[White "Gleizerov, Evgeny"]
[Black "Riff, Jean Noel"]
[Result "1/2-1/2"]
[WhiteElo "2564"]
[BlackElo "2473"]
[Annotator "Primel,D"]
[PlyCount "79"]
[EventDate "2012.10.27"]
[EventType "swiss"]
[EventRounds "9"]
[EventCountry "FRA"]
[SourceTitle "EXT 2014"]
[Source "ChessBase"]
[SourceDate "2013.11.20"]
[SourceVersion "1"]
[SourceVersionDate "2013.11.20"]
[SourceQuality "1"]
[TimeControl "40/5400+30:1800+30"]
[WhiteClock "1:30:00"]
[BlackClock "1:30:00"]

1. d4 {[%emt 0:00:00]} Nf6 {[%emt 0:00:00]} 2. c4 {[%emt 0:00:00]} e6 {[%emt 0:
00:00]} 3. g3 {[%emt 0:00:00] Le russe est un spécialiste renommé de la
Catalane} d5 {[%emt 0:00:00]} 4. Nf3 {[%emt 0:00:00]} dxc4 {[%emt 0:00:00]} 5.
Bg2 {[%emt 0:00:03]} Nc6 {[%emt 0:00:00] Une variante agressive pour jouer
pour le gain mais les Blancs ont des bonnes compensations} (5... a6 6. Ne5 c5
7. Na3 cxd4 8. Naxc4 Bc5 9. O-O O-O 10. Bd2 (10. Bg5 h6 11. Bxf6 Qxf6 12. Nd3
Ba7 13. Qa4 $13 {Anand,V (2787)-Topalov,V (2805) World Championship 2010 (6) 1/
2})) 6. Qa4 {[%emt 0:00:06]} (6. O-O {Plus risqué car les Noirs peuvent
s'accrocher au P c4} Rb8 {[%cal Gb7b5]} 7. Nc3 a6 8. e4 Be7 9. Qe2 b5 $132 {
Gelfand,B (2736)-Karpov,A (2670) Wch Blitz 3rd 2007 (6) 1/2}) 6... Bb4+ {
[%emt 0:00:00]} (6... Nd7 $5 7. Qxc4 Nb6 {Blachon,P (2138)-David,A (2631) Syre
Memorial op 33th 2010 (1) 0-1}) 7. Bd2 {[%emt 0:00:09]} Bd6 $5 {[%emt 0:00:00]
[%cal Ge6e5]} (7... Nd5 {La grande ligne} 8. Bxb4 (8. Qb5 $5 {La dernière mode}
)) 8. Bc3 {[%emt 0:11:07] Le français n'avait joué que la grande ligne Nd5
selon les bases et le russe a été un peu surpris par le choix de la variante
Bd6} (8. Qxc4 O-O 9. O-O e5 $11 {Sjugirov,S (2624)-Sokolov,I (2690) Barcelona
Casino 2012 (9) 1/2}) (8. Ne5 $5 Bxe5 9. Bxc6+ bxc6 10. dxe5 Qd5 11. f3 Nd7 12.
Nc3 Qc5 13. f4 $14 {Damljanovic,B (2595)-Marcelin,C (2510) FRA-chT Top 16 Gp
Basse 2008 (10) 1-0}) (8. Na3 {[%cal Ga3c4,Ga3b5]} Bxa3 (8... Ne4 9. Nxc4 Nxd2
10. Nfxd2 Bd7 11. Nxd6+ cxd6 12. Ne4 O-O 13. Nxd6 Qc7 $44 {Beliavsky,A (2690)
-Anand,V (2770) Dortmund 1998 (5) 1/2}) 9. Qxa3 Ne4 10. Be3 Qd6 11. Rc1 Qxa3
12. bxa3 Nd6 13. Ne5 Bd7 $11 {Gustafsson,J (2616)-Khenkin,I (2604) GER-ch 76th
Altenkirchen 2005 (5) 1/2}) (8. O-O O-O 9. Qxc4 e5 10. d5 Ne7 11. Nc3 h6 12.
Rfd1 a6 13. Qb3 Rb8 14. Be1 Bg4 15. Rac1 $14 {Evdokimov,A (2503)-Aleksandrov,A
(2635) RUS-chT Sochi 2005 (11) 1-0} (15. h3)) 8... Bd7 $1 {[%emt 0:00:24][%cal
Gc6d4,Gd7a4,Gb7b5]} (8... O-O 9. Qxc4 (9. Nbd2 a6 {[%cal Gb7b5]} 10. Nxc4 (10.
Qxc4 {Moins logique après avoir joué Nbd2, autant reprendre directement avec
Qc4}) 10... b5 11. Qd1 bxc4 12. Ne5 Nxe5 13. dxe5 Nd5 14. exd6 Bb7 15. Bxd5 (
15. dxc7 Qxc7 16. Bxd5 Bxd5 17. O-O Rfd8 18. Qd4 f6 19. Rfd1 e5 $11) 15... Bxd5
(15... exd5 16. Qd4 f6 17. dxc7 Qxc7 18. O-O {[%csl Rb7]} Rfe8 19. e3 Re4 20.
Qd2 Qc6 {[%cal Gd5d4,Gc6g2,Ge4e3]} 21. f3 Ree8 22. Bd4 $11) 16. e4 $1 Bb7 (
16... Bxe4 17. Qd4) 17. Qd4 f6 18. Qxc4 $14 {[%csl Re6]}) 9... Qe7) 9. Qxc4 {
[%emt 0:00:30]} b5 {[%emt 0:00:02]} (9... O-O 10. O-O b5 {Une simple
interversion de coups} 11. Qd3 b4) 10. Qd3 {[%emt 0:04:37]} (10. Qb3 b4 (10...
O-O) 11. Bd2 Na5 12. Qd3 Rb8 {Likavsky,T (2496)-Tregubov,P (2609) Bundesliga
0708 2007 (11.4) 0-1} (12... c5 $5 13. Ne5 Rc8 14. Nxd7 Qxd7 15. O-O O-O $132))
10... b4 {[%emt 0:00:37]} 11. Bd2 {[%emt 0:00:06]} O-O {[%emt 0:00:04]
Continuant de jouer а tempo} 12. O-O {[%emt 0:07:18]} Rb8 {[%emt 0:00:37]} 13.
Bg5 {[%emt 0:01:48]} h6 {[%emt 0:00:24]} 14. Bxf6 {[%emt 0:00:52]} Qxf6 {
[%emt 0:00:03] L'alsacien avait а ce moment 05 minutes de plus qu'au début de
la partie!} 15. Nbd2 {[%emt 0:00:49]} e5 $1 {[%emt 0:00:33] Les Noirs ont
réussi la poussée thématique et avec la paire de B, ils sont proches de
l'égalité} 16. Ne4 $5 $146 {[%emt 0:21:32][%cal Ge4f6,Ge4d6]} (16. dxe5 Nxe5
17. Nxe5 Qxe5 18. Nc4 Qb5 19. Rfd1 Rfd8 20. Nxd6 cxd6 21. Qxb5 Bxb5 22. e3 $14
{[%csl Rd6]} Rbc8 23. Be4 Kf8 24. Rd4 a5 25. a3 bxa3 26. Rxa3 Rc1+ 27. Kg2 Rc5
28. h4 Ke7 29. g4 Bd7 30. Kg3 Rb8 {Yevseev,D (2531)-Shaidullina,S (2175)/St
Petersburg 2010/EXT 2011/1/2-1/2 (41)}) 16... Qe7 {[%emt 0:01:22]} 17. Rfd1 {
[%emt 0:09:06]} Bf5 {[%emt 0:07:39]} (17... exd4 18. Nxd4 Be5 19. Nxc6 Bxc6 20.
Rac1 Ba8 $11 {[%cal Gf8d8]}) 18. d5 {[%emt 0:01:19]} Na5 {[%emt 0:10:16]} 19.
Nfd2 {[%emt 0:00:47]} (19. Nh4) 19... Nb7 {[%emt 0:00:36][%cal Gb7c5,Gc5d3,
Gc5e4]} 20. Qc4 {[%emt 0:10:59] Les Blancs gardent un petit avantage d'espace}
Nc5 {[%emt 0:02:01]} 21. Nxc5 {[%emt 0:01:19]} Bxc5 {[%emt 0:00:05]} 22. Nb3 $1
{[%emt 0:00:44][%cal Gb3a5,Ga5c6,Gb3c5]} Bb6 {[%emt 0:00:54]} 23. Rac1 {
[%emt 0:00:49]} a5 {[%emt 0:04:44][%cal Ga5a4]} (23... Rfd8) (23... Rfc8) 24.
Nc5 {[%emt 0:01:34]} Qd6 {[%emt 0:01:07]} 25. Na4 {[%emt 0:04:20]} Rfc8 {
[%emt 0:01:34]} 26. Qc6 {[%emt 0:05:12]} Bd7 {[%emt 0:01:15]} 27. Qxd6 {
[%emt 0:01:27]} cxd6 {[%emt 0:00:08]} 28. Rxc8+ {[%emt 0:00:04]} Bxc8 {[%emt 0:
00:09]} 29. Nxb6 {[%emt 0:00:02]} Rxb6 {[%emt 0:00:18]} 30. Rc1 {[%emt 0:00:03]
} Bd7 {[%emt 0:16:15]} 31. Rc7 {[%emt 0:00:41][%csl Rd6] La finale est un peu
meilleure pour les Blancs mais le matériel est trop réduit pour avoir des
chances réelles de gain.} Be8 {[%emt 0:00:06]} 32. Bh3 {[%emt 0:06:18]} (32. f4
{[%cal Gg1f2]}) 32... Kf8 {[%emt 0:01:33]} 33. Bd7 {[%emt 0:04:52]} Bxd7 {
[%emt 0:00:39]} 34. Rxd7 {[%emt 0:00:04]} Ke8 {[%emt 0:00:05]} 35. Ra7 {
[%emt 0:00:58]} Rb5 {[%emt 0:00:26]} 36. e4 {[%emt 0:00:03]} Rc5 $11 {[%emt 0:
00:21]} 37. b3 {[%emt 0:00:10]} g6 {[%emt 0:01:40]} 38. Ra8+ {[%emt 0:03:17]}
Ke7 {[%emt 0:00:07]} 39. Ra7+ {[%emt 0:00:04]} Ke8 {[%emt 0:00:02]} 40. Ra8+ {
[%emt 0:00:00]} 1/2-1/2

[Event "Olympiad-23"]
[Site "Buenos Aires"]
[Date "1978.11.01"]
[Round "7"]
[White "Sosonko, Gennadi"]
[Black "Schneider, Lars Ake"]
[Result "1-0"]
[WhiteElo "2575"]
[BlackElo "2430"]
[Annotator "Prusikin,M"]
[PlyCount "41"]
[EventDate "1978.10.25"]
[EventType "team-swiss"]
[EventRounds "14"]
[EventCountry "ARG"]
[SourceTitle "EXT 2000"]
[Source "ChessBase"]
[SourceDate "1999.11.16"]
[SourceVersion "1"]
[SourceVersionDate "1999.11.16"]
[SourceQuality "1"]
[WhiteTeam "Netherlands"]
[BlackTeam "Sweden"]
[WhiteTeamCountry "NED"]
[BlackTeamCountry "SWE"]

1. d4 Nf6 2. c4 e6 3. g3 d5 4. Bg2 dxc4 5. Nf3 a6 6. O-O b5 {Eine Variante, in
der Schwarz großes Risiko auf sich nimmt, um im Gegenzug Gewinnchancen zu
erhalten.} 7. Ne5 Nd5 (7... c6 {ist etwas trostlos: der Nachziehende erhält
hier weder Gegenchancen, noch erzielt er Ausgleich.} 8. b3 cxb3 9. Nxc6 Qb6 10.
Na5 Ra7 11. Nxb3 $14 {1-0 (29) Buhmann,R (2606)-Gharamian,T (2676) Germany 2011
}) 8. Nc3 $6 {Die beiden Alternativen zu diesem Zug sind besser geeignet, um
Vorteil zu kämpfen:} (8. a4 Bb7 9. e4 Nf6 10. axb5 axb5 11. Rxa8 Bxa8 12. Nc3
c6 13. d5 $5 {Das ist eine Tabija, diese Stellung wurde bereits in über
hundert Partien diskutiert. Der Anziehende scheint hier über bessere Chancen
zu verfügen.} Be7 14. dxe6 fxe6 15. Qe2 O-O 16. Bh3 $14) (8. b3 cxb3 9. Qxb3
Bb7 10. a4 $44 {Ist ebenfalls vielversprechend. 1-0 (35) Gelfand,B (2510)
-Riemersma,L (2345) Arnhem 1987}) 8... Bb7 9. Nxd5 Bxd5 $2 {
überraschenderweise bereits der entscheidende Fehler!} (9... exd5 $1 {3 Jahre
nach der vorliegende Partie verbesserte (nach häuslicher Vorbereitung, davon
kann man ausgehen) Viktor Kortschnoj das schwarze Spiel - gegen Sosonko!} 10.
e4 dxe4 11. Qh5 {hier funktioniert dieser Trick deutlich weniger gut} g6 12.
Nxg6 fxg6 13. Qe5+ Qe7 14. Qxh8 Nd7 15. h4 O-O-O 16. Bg5 Qf7 17. Bh3 (17. Bxd8
Bg7 18. Qxh7 Nf8 19. Qxg7 Qxg7 20. Bg5 $13 {0-1 (42) Shabalov,A (2626)
-Pavasovic,D (2597) Khanty-Mansiysk 2007}) 17... Re8 $13 {Die Maschine spukt
hier - wie üblich - die Bewertung 0.00 aus, aber die schwarze Stellung
scheint leichter zu spielen zu sein.  0-1 (37) Sosonko,G (2595)-Kortschnoj,V 
(2650) Bad Kissingen 1981}) 10. e4 $18 Bb7 {[#]} 11. Qh5 $1 g6 (11... Qf6 12.
Bg5 $18) (11... Qe7 12. Bg5 g6 13. Qh4 $18) 12. Nxg6 $1 fxg6 (12... Rg8 13.
Nxf8 Rxf8 {Kann's irgendwie auch nicht sein 1-0 (24) Lacoste,G-Avanzi,E ICCF
corr 1986}) 13. Qe5 {An dieser Stelle wurde auch schon mal aufgegeben -
völlig zurecht.} Nd7 14. Qxh8 Qe7 15. h4 O-O-O 16. Bg5 Qf7 17. d5 $1 (17. Bxd8
Bg7 18. Qxh7 Nf8 19. Qxg7 Qxg7 20. Bg5 Nh7 (20... Qxd4 $4 21. Rad1 $18) 21. Be3
$16 {Anders als bei Sosonko - Kortschnoj besitzt Weiß hier mit einem
Mehrbauern und dem Vollzentrum klaren Vorteil.}) 17... Re8 18. dxe6 Rxe6 19.
Rad1 Bc6 20. Bh6 Kb7 21. Rxd7 $1 1-0

[Event "Vienna op"]
[Site "Vienna"]
[Date "1995.??.??"]
[Round "?"]
[White "Rotstein, Arkadij"]
[Black "Psakhis, Lev"]
[Result "0-1"]
[WhiteElo "2475"]
[BlackElo "2610"]
[Annotator "Psakhis,L"]
[PlyCount "142"]
[EventDate "1995.??.??"]
[EventType "swiss"]
[EventRounds "9"]
[EventCountry "AUT"]
[SourceTitle "CBM 051"]
[Source "ChessBase"]
[SourceDate "1996.04.01"]
[SourceVersion "1"]
[SourceVersionDate "1996.04.01"]
[SourceQuality "1"]

1. Nf3 Nf6 2. c4 e6 3. g3 a6 4. Nc3 d5 5. d4 dxc4 6. Bg2 b5 7. Ne5 Nd5 8. O-O
Bb7 9. Nxd5 exd5 10. e4 dxe4 (10... c6 $2 11. exd5 cxd5 12. Qh5 $18) 11. Qh5 g6
(11... Qd5 $2 12. Bxe4 Qxe4 13. Qxf7+ Kd8 14. Bg5+) (11... Qe7 12. Bg5 Qe6 13.
Rfe1 Bb4 14. Bxe4 $18) 12. Nxg6 (12. Qe2 Qxd4 13. Bf4 Bg7 14. Rad1 Qb6 15. Bxe4
O-O 16. Rfe1 Ra7 17. h4 c5 18. h5 Re8 19. Bxb7 Rxb7 20. Nxc4 Rxe2 21. Rxe2 bxc4
22. Re8+ Bf8 23. Bh6 Nd7 24. Rxd7 Rb8 25. Rde7 Qb5 {Kozlov,V-SveshnikovE/URS/
1978/}) 12... fxg6 13. Qe5+ Qe7 14. Qxh8 Nd7 15. h4 (15. Bh3 $5 Nf6 (15...
O-O-O 16. Qe5 Kb8 17. Qxe7 Bxe7 18. Bxd7 (18. Re1 Nb6 19. Be3 Bf6 20. Rad1 Na4
21. Rd2 c5 22. Bf4+ Ka8 23. dxc5 Rxd2 24. Bxd2 Bxb2 25. Be3 Ba3 26. Bg2 Bxc5
27. Bd2 Nb2 28. Bxe4 Bxe4 29. Rxe4 Nd3 30. Kf1 Nxf2 31. Rf4 Nd3 {Alburt,
L-Mednis,E/USA/1982/0,5/61/}) 18... Rxd7 19. Be3 $13) 16. Bg5 Kf7 17. Bxf6 Qxf6
18. Qxf6+ $8 Kxf6 $44 19. a4 Ke7 20. axb5 axb5 21. Rxa8 Bxa8 22. Ra1 Bc6 23.
Ra6 Kd6 24. Kf1 Bg7 25. Bg2 Kd7 26. Bh3+ Kd6 27. Bg2 Kd5 28. Bxe4+ Kxe4 29.
Rxc6 Kd3 30. Rxc7 Bxd4 31. Rd7 b4 32. Ke1 b3 33. Kd1 c3 34. bxc3 b2 35. Rb7
Kxc3 36. Rc7+ Kd3 37. Rb7 Kc3 {Beliavsky,A-SveshnikovE/Frunze(URS-ch)/1981/}) (
15. a4 $2 O-O-O 16. axb5 axb5 (16... Bh6 $2 17. Qxd8+ Qxd8 18. bxa6 $18) (16...
Nf6 17. bxa6 Bg7 18. axb7+ Kxb7 19. Bxe4+ $1 $16) 17. b3 Qf7 18. bxc4 Be7 $19)
15... O-O-O 16. Bg5 Qf7 17. Bh3 (17. Bxd8 $5 Bg7 18. Qxh7 (18. Bf6+ Bxh8 19.
Bxh8 Qf8 20. Be5 Nxe5 21. dxe5 Qc5 $17) 18... Nf8 19. Qxg7 Qxg7 20. Bg5 Ne6 21.
Bh3 Bd5 22. Rfe1) 17... Re8 18. Qf6 (18. Rad1 $6 Kb8 $1 (18... Bg7 $2 19. Qxh7
Rh8 20. Be6 $1 $18) 19. d5 Bc5 20. Be6 Rxh8 21. Bxf7 Ne5 22. Be6 Nd3 23. b3 $2
(23. Rd2 Bd4 24. Re2 Bxb2 (24... Rf8 $2 25. Rxe4 Bxf2+ 26. Kg2 Nc5 27. Re5 Nxe6
28. Rxf2 $18) 25. Rxe4 h6 $1 (25... c3 $2 26. Bf6) 26. Be3 Rd8 27. Bxh6 Bxd5
28. Bxd5 Rxd5 $17) 23... c3 24. Kg2 Rf8 25. f3 c2 26. Rc1 Nxc1 27. Bxc1 e3 $1
28. Re1 c6 29. d6 Rf6 30. d7 Kc7 31. Bh3 Bd4 32. Rxe3 (32. Re2 c5 33. Rxc2
Bxf3+ 34. Kh2 Bd1 35. Rg2 Rf1 {/\ e2}) 32... Bxe3 33. Bxe3 c5 34. b4 (34. Bg5
Bxf3+ 35. Kh2 Rf8 $19) 34... Rxf3 35. Bc1 cxb4 36. Kh2 Bc6 37. Bg4 Rf1 {
Sosonko,G-Korchnoi,V/Bad Kissingen/1981/0:1/40/}) 18... Qd5 19. Be3 Kb8 20. Qg5
Qf7 (20... Nb6 $5 21. h5 gxh5 22. Qxd5 Bxd5 23. Bf5 Na4 $36 24. b3 Nc3 25. Kg2
cxb3 26. axb3 Kb7 27. Rh1 Bxb3 28. Rxh5 Bd5 29. Rxh7 b4 30. Kh3 b3 31. Bc1 Nd1
32. Bf4 Nxf2+ 33. Kg2 e3+ 34. Kg1 {Van der Vliet,F-Van der Sterren,P/Hilversum/
1983/0-1/61/}) 21. a4 {N} (21. Qg4 Nf6 (21... Nb6 $5) 22. Qe2 Nd5 23. a4 Bb4
24. axb5 axb5 25. Bg2 Qe6 26. Bd2 Qd6 27. Bxb4 Nxb4 28. Ra5 Qb6 29. Rfa1 Nc6
30. R5a3 Nxd4 31. Qd1 Nb3 (31... Nf3+ $5 $36) 32. Qd7 Rf8 33. Rf1 h5 34. Bxe4
b4 35. Ra2 Nc1 36. Bxb7 Ne2+ 37. Kg2 Qxb7+ 38. f3 {Garcia Gonzalez-Sisniega/
Havana/1982/}) 21... b4 22. Rfc1 Bd5 23. a5 (23. Qg4 $2 Be6 $19) (23. Qf4 Nf6)
(23. Rc2 a5 $5) 23... Nf6 24. Bf1 Bd6 (24... h6 25. Qf4 g5 26. hxg5 hxg5 27.
Qf5 $1 (27. Qxg5 Bd6 $40) 27... Be6 28. Qxg5 Bd6 29. d5 $1 Bxd5 30. Bd4 e3 $2
31. Qxf6 (31. Bxf6 Be5) 31... Qxf6 32. Bxf6 exf2+ 33. Kh2 Re3 34. Bh4 $18) 25.
Rc2 Rh8 26. Bd2 (26. Qh6 Bf8 27. Qf4 Bd6 $10 (27... Qe6 28. Qe5)) 26... e3 27.
Be1 $1 $8 (27. Qxe3 $2 Re8 28. Qg5 h6 $1 29. Qxh6 Ng4 $19) 27... Re8 (27... Ne4
28. Qxe3 Re8 29. Qc1) 28. fxe3 Ne4 {[%csl Ge4][%cal Re4g5]} 29. Qg4 b3 (29...
h5 30. Qh3 g5 (30... Qf3 31. g4 hxg4 32. Qxf3 gxf3 33. Bxc4 Bb7) 31. Bg2 Qg6
$44) 30. Rh2 (30. Rg2 $5 Nf6 31. Qe2 Qe6 32. Rf2 Ne4 $36) 30... h5 31. Qe2 (31.
Qh3 Qf3) 31... Nxg3 32. Bxg3 Bxg3 33. Rh3 Bd6 34. Bg2 Bxg2 35. Kxg2 (35. Qxg2
Qf5 $2 36. Rf1 Qd3) 35... Re4 36. Qf3 Qd5 37. Rf1 c3 $2 $138 (37... Kb7 $5 {
[%cal Rb7b5]} 38. Kh1 Kc6 39. Qg2 Kb5 $19) 38. bxc3 b2 $2 (38... Rg4+ $5 39.
Kh1 Qxa5 40. c4 (40. e4 Rf4 41. Qe2 Rxf1+ 42. Qxf1 b2 43. Rd3 Qa2 44. Rd1 Bg3
45. Qf8+ Kb7 46. Qb4+ $10) 40... Qa2 41. e4 (41. c5 b2 42. cxd6 b1=Q 43. d7 $1
Qxf1+ 44. Qxf1 Qd5+)) 39. Rhh1 $2 $138 (39. Kh1 $1 $16) 39... Rg4+ 40. Kf2 Qb3
(40... Qxa5 $5 41. Rb1 Qxc3 $19) 41. Qd1 $8 Qxc3 42. Rfg1 {[#]} (42. Rhg1 Rxh4)
42... Bf4 $3 43. Qe2 (43. exf4 Rxf4+ 44. Kg2 Rxd4 $19) 43... Bxe3+ $1 44. Qxe3
Qc2+ 45. Kf3 (45. Qe2 Rf4+ 46. Ke3 Re4+) 45... Qf5+ 46. Ke2 Re4 47. Rb1 Rxe3+ (
47... Qb5+ 48. Kf3) 48. Kxe3 Qc2 49. d5 $1 Kc8 (49... Kb7 $5 50. Kd4 c5+ $1 51.
Ke5 (51. dxc6+ Kxc6 $19) 51... c4 52. Rhd1 c3 $19) 50. Kd4 Kd7 51. Rhf1 Qa4+ (
51... Kd6 52. Rf6+ Ke7 53. Rff1) 52. Kc3 Qxa5+ 53. Kxb2 Qb4+ 54. Kc2 Qxh4 $19 (
54... Qc5+ 55. Kb2) 55. Kc3 Qe7 $1 56. Kd4 h4 57. Rb3 g5 58. Rbf3 Qb4+ 59. Ke5
g4 60. Rf7+ Kc8 61. R1f6 $1 $8 Qc3+ 62. Ke4 h3 63. Rc6 Qg3 $1 64. Rh7 h2 65.
Rch6 Qf3+ 66. Kd4 Qf4+ 67. Kc5 Qc1+ 68. Kd4 g3 69. d6 Qxh6 $1 70. Rxh6 g2 71.
Rh8+ Kb7 0-1